00422nam a2200157Ia 450000500170000000800410001702000180005804000130007608200130008910000180010224500350012026000480015530000120020354600120021565000370022720250605121248.0231207s9999 xx 000 0 und d a9780761834663 cPK-LaNCA a701bSHA aSharma, B. R. 4aThe death of artcB. R. Sharma bUniversity Press of AmericaaMarylandc2006 axi, 93p aEnglish aArt(Philosophy), Art(Psychology)